| 000 | 00816cab a2200253 4500 | ||
|---|---|---|---|
| 001 | ABS55724 | ||
| 008 | 090401t1996 xxu||||| |||| 00| 0 eng d | ||
| 035 | _a(Sirsi) u18337 | ||
| 041 | _aeng | ||
| 245 | _aBroad directions in flurry of objectives | ||
| 260 | _c1996 | ||
| 350 | _a0 | ||
| 490 |
_aPlanning (for the Natural and Built Environment) _v(1182) 16 August 1996, 8-10(3) |
||
| 520 | _aReviews the draft revision of PPG7 dealing with planning guidance on the countryside with its new sub-title "Environmental quality and economic development". | ||
| 650 | _aCOUNTRYSIDE PLANNING | ||
| 650 | _aDRAFT PPG7 | ||
| 650 | _aFARM DIVERSIFICATION | ||
| 650 | _aPLANNING POLICY | ||
| 650 | _aPPG7 | ||
| 650 | _aRURAL AREAS | ||
| 690 | _aPLANNING LAW AND PRACTICE | ||
| 942 | _n0 | ||
| 948 | _c04/03/1997 | ||
| 999 |
_c12177 _d12177 |
||